| 000 | 00771nab a2200241 u 4500 | ||
|---|---|---|---|
| 001 | 12811 | ||
| 003 | HDC | ||
| 007 | cr bn ---aaaaa | ||
| 008 | 210211c my dr|nes 0 eng d | ||
| 040 | _aHDC | ||
| 245 | 0 | _aTravelers complain of all-halal food on planes | |
| 260 |
_a[no place] : _b[publisher not identified], _c[no year] |
||
| 336 |
_atext _2rdacontent |
||
| 337 |
_acomputer _2rdamedia |
||
| 338 |
_aonline resource _2rdacarrier |
||
| 650 |
_aHalal food _950 |
||
| 650 |
_aTraveler _913652 |
||
| 710 | _aSina English | ||
| 856 | _zRequest full-text at [email protected] | ||
| 942 | _2lcc | ||
| 942 | _cNEWS | ||
| 942 | _kNWSO 002707 | ||
| 999 |
_c10134 _d10134 |
||